Lesotho-Quiz - Statistiken

Allgemein
  • Dieses Quiz wurde 1.388 mal gespielt
  • Das Durchschnittsergebnis liegt bei 8 aus 18
Antwortstatistiken
Frage Antwort % Korrekt
Land, das Lesotho komplett umschliesst Südafrika
98%
Amtssprachen Englisch
89%
25% der erwachsenen Bevölkerung Lesothos ist mit diesem Virus infiziert HIV
82%
Die zwei anderen Staaten Afrikas, die wie Lesotho auch Monarchien sind (nennen Sie einen) Eswatini | Marokko
81%
Objekt auf der Flagge Lesothos Stroh{hut}
59%
Hauptstadt von Lesotho Maseru
58%
Lesotho hat die fünftgrößte durchschnittliche ___ der Welt, nach Nepal, Bhutan, Tadschikistan und Kirgisistan Höhe
54%
Fiktives Land aus dem Marvel Cinematic Universe, das von Lesotho inspiriert wurde Wakanda
38%
Die beiden Währungen Lesothos (nennen Sie eine) Loti | Rand
37%
Anderer Name der San, die indigenen Einwohnern Lesothos {Busch}männer
35%
Längster Fluss, der durch Lesotho geht Oranje
31%
Bedrohtes Säugetier und Nationaltier Lesothos Schwarzes {Nashorn}
31%
Gebirgskette im Osten Lesothos {Drakens}berg
28%
In Lesotho befindet sich eines der beiden einzigen __gebiete im Süden Afrikas Ski
28%
Universitätstadt Lesothos (Tipp: einheimischer Name einer europäischen Hauptstadt) Roma
22%
Amtssprachen Sesotho
22%
Kolonialer Name Lesothos {Basuto}land
15%
Traditionnelle runde Hütte des Süden Afrikas (Anfangsbuchstabe R) Rondavel
10%
Keine übereinstimmenden Quizze gefunden
Verteilung der Resultate
Anzahl Personen mit jedem Resultat
Perzentil nach korrekt beantworteten Fragen
Ihre Resultats-Entwicklung
Sie haben dieses Quiz noch nicht gespielt